Pays par 3 lettres - norme CIO - Statistiques

Statistiques générales
  • Ce quiz a été pris 205 fois
    203 depuis la dernière actualisation
  • Le résultat moyen est 15 sur 21
Statistiques - réponses
Code pays Pays % Correct
AFG Afghanistan
100%
ALB Albanie
100%
ALG Algérie
100%
ARG Argentine
100%
ARM Arménie
100%
BEL Belgique
100%
BUL Bulgarie
100%
CHN Chine
100%
CRO Croatie
100%
DJI Djibouti
100%
EGY Égypte
100%
ESP Espagne
100%
EST Estonie
100%
USA États-Unis
100%
ETH Éthiopie
100%
FRA France
100%
GRE Grèce
100%
HAI Haïti
100%
IND Inde
100%
IRL Irlande
100%
JAM Jamaïque
100%
JPN Japon
100%
KEN Kenya
100%
KOS Kosovo
100%
LAO Laos
100%
NIG Niger
100%
POL Pologne
100%
POR Portugal
100%
QAT Qatar
100%
ROU Roumanie
100%
SAM Samoa
100%
SRB Serbie
100%
SLO Slovénie
100%
SOM Somalie
100%
SUI Suisse
100%
SYR Syrie
100%
UKR Ukraine
100%
URU Uruguay
100%
YEM Yémen
100%
MEX Mexique
96%
CUB Cuba
95%
FIN Finlande
95%
MOZ Mozambique
95%
PAK Pakistan
95%
RWA Rwanda
95%
TJK Tadjikistan
95%
THA Thaïlande
95%
TUR Turquie
95%
AUS Australie
94%
AUT Autriche
94%
BRA Brésil
94%
FIJ Fidji
94%
IRQ Irak
94%
KAZ Kazakhstan
94%
LTU Lituanie
94%
OMA Oman
94%
CGO République du Congo
94%
CZE République tchèque
94%
TUN Tunisie
94%
GER Allemagne
93%
BOL Bolivie
93%
KOR Corée du Sud
93%
GAB Gabon
93%
GAM Gambie
93%
HUN Hongrie
93%
JOR Jordanie
93%
SUR Suriname
93%
ANG Angola
92%
ITA Italie
92%
NZL Nouvelle Zélande
92%
DOM République dominicaine
92%
TOG Togo
92%
NAM Namibie
91%
UZB Ouzbékistan
91%
ISL Islande
90%
SRI Sri Lanka
90%
ZIM Zimbabwe
90%
NGR Nigeria
89%
PHI Philippines
89%
VEN Venezuela
89%
ZAM Zambie
89%
GHA Ghana
88%
SWE Suède
88%
VIE Vietnam
88%
LBN Liban
87%
TUV Tuvalu
87%
BOT Botswana
86%
CYP Chypre
86%
HON Honduras
86%
MGL Mongolie
86%
NOR Norvège
86%
PER Pérou
86%
SVK Slovaquie
85%
GEO Géorgie
84%
PAR Paraguay
84%
UAE Émirats arabes unis
83%
LUX Luxembourg
83%
GBR Grande-Bretagne
82%
SEY Seychelles
82%
KGZ Kirghizistan
80%
KUW Koweït
80%
TAN Tanzanie
80%
CAN Canada
79%
TGA Tonga
78%
COL Colombie
77%
GUI Guinée
77%
AZE Azerbaïdjan
75%
ECU Équateur
75%
GUY Guyana
75%
SEN Sénégal
75%
LIE Liechtenstein
74%
CHI Chili
73%
LES Lesotho
73%
LBR Liberia
73%
GUA Guatemala
72%
DEN Danemark
71%
HKG Hong Kong
71%
MAW Malawi
71%
SGP Singapour
71%
TKM Turkménistan
71%
NEP Népal
70%
SUD Soudan
70%
MAR Maroc
69%
NED Pays-Bas
69%
AND Andorre
68%
PAN Panama
68%
BEN Bénin
67%
NCA Nicaragua
67%
CMR Cameroun
64%
ERI Érythrée
64%
LAT Lettonie
63%
UGA Ouganda
63%
BHU Bhoutan
62%
BDI Burundi
60%
CIV Côté d'Ivoire
60%
NRU Nauru
59%
BAN Bangladesh
58%
MAD Madagascar
57%
MLT Malte
57%
MON Monaco
57%
BAR Barbade
56%
CAM Cambodge
56%
KIR Kiribati
56%
MYA Myanmar
56%
SWZ Eswatini
55%
COM Comores
53%
BAH Bahamas
50%
BUR Burkina Faso
50%
MLI Mali
50%
VAN Vanuatu
50%
BRU Brunei
47%
CPV Cap-Vert
47%
ARU Aruba
45%
CAF République centrafricaine
40%
ANT Antigua-et-Barbuda
38%
CRC Costa Rica
38%
INA Indonésie
38%
MDA Moldavie
38%
MKD Macédoine du Nord
37%
CAY Îles Caïmans
36%
GRN Grenade
35%
BIH Bosnie-Herzégovine
33%
SSD Soudan du Sud
31%
MTN Mauritanie
30%
TPE Taïwan
30%
DMA Dominique
29%
MNE Monténégro
29%
BIZ Belize
26%
IRI Iran
25%
PRK Corée du Nord
24%
BRN Bahreïn
22%
MDV Maldives
22%
RSA Afrique du Sud
21%
TTO Trinité-et-Tobago
21%
FSM États fédérés de Micronésie
20%
GEQ Guinée équatoriale
20%
MAS Malaisie
20%
SMR Saint-Marin
20%
PNG Papouasie-Nouvelle-Guinée
19%
STP Sao Tomé-et-Principe
19%
BER Bermudes
18%
LBA Libye
18%
SOL Îles Salomon
17%
COD République démocratique du Congo
17%
MRI Maurice
15%
LCA Sainte-Lucie
14%
SLE Sierra Leone
13%
GBS Guinée-Bissau
12%
COK Îles Cook
11%
VIN Saint-Vincent-et-les-Grenadines
11%
KSA Arabie Saoudite
10%
PLW Palaos
10%
CHA Tchad
9%
PUR Porto Rico
7%
TLS Timor oriental
7%
GUM Guam
6%
ESA Salvador
6%
PLE Palestine
5%
MHL Îles Marshall
0%
SKN Saint-Christophe-et-Niévès
0%
Aucun quiz correspondant
Distribution des résultats
% des personnes avec chaque résultat
Percentile par nombre de réponses
Votre historique - résultats
Vous n’avez pas pris ce quiz depuis la dernière actualisation